000 00362nam a22001457a 4500
005 20150324162928.0
008 150324b xxu||||| |||| 00| 0 eng d
040 _cPK-LaUMT
082 _aKHC 954.0359
_bPRA-I
100 _aPrasad, Rajendra
245 _aIndia divided
_cRanjendra Prasad
260 _aBombay
_bHind Kitabs
_c1946
300 _a427 .
942 _cBK
999 _c68135
_d68135